| 000 | 00923nam a22002057a 4500 | ||
|---|---|---|---|
| 999 |
_c3824 _d3824 |
||
| 003 | AR-CdUCM | ||
| 008 | 190307b ||||| |||| 00| 0 spa d | ||
| 040 |
_aMUNICIPALIDAD PROVINCIAL DEL CUSCO _cBIBLIOTECA MUNICIPAL DEL CUSCO |
||
| 082 |
_a330.985 / _bV48 |
||
| 100 |
_aVereda del Abril, Antonio _912313 |
||
| 245 | _aDesafio de la economía informal / | ||
| 260 |
_aLima : _bIpalsa, _c1988. |
||
| 300 |
_a304 páginas ; _c24 cm. |
||
| 505 | _aContenido: Evolución de la población -- Proyección de la población economicamente activa desde el año 1985 al 2010 -- Proyección tendencial de la economía -- Sectores macroeconómicos y su proyección tendencial -- Desarrollo económico, social etc, etc. -- Desarrollo económico, social territorial, y migraciones ... | ||
| 650 |
_aEconomía _9382 |
||
| 650 |
_aPolítica económica _91407 |
||
| 650 |
_aDesarrollo social _91131 |
||
| 942 |
_2ddc _cLIBROS |
||
| 945 | _azta | ||